[Event "PRO League Group Stage"]
[Site "chess.com INT"]
[Date "2018.01.25"]
[Round "2"]
[White "Abrahamyan, Tatev"]
[Black "Yu, Yangyi"]
[Result "0-1"]
[WhiteTitle "WGM"]
[BlackTitle "GM"]
[WhiteElo "2332"]
[BlackElo "2760"]
[WhiteTeam "San Diego Surfers"]
[BlackTeam "Chengdu Pandas"]
[WhiteFideId "13301918"]
[BlackFideId "8603820"]
[EventDate "2018.01.18"]

1. e4 e5 2. Nf3 Nc6 3. Bb5 a6 4. Ba4 Nf6 5. d3 d6 6. c3 g6 7. O-O Bg7 8. Re1 O-O
9. Nbd2 Bd7 10. Nf1 Qe8 11. Bc2 Nh5 12. d4 Bg4 13. d5 Nd8 14. Ne3 Bd7 15. c4 b6
16. b4 a5 17. c5 axb4 18. cxd6 cxd6 19. Nc4 b5 20. Ne3 f5 21. Bd2 f4 22. Nf1 Nf7
23. Bxb4 g5 24. Bb3 g4 25. Nh4 Qe7 26. Nf5 Bxf5 27. exf5 Qg5 28. Qd3 f3 29. g3
Nf6 30. Nd2 Qh5 31. h4 e4 32. Nxe4 Nxe4 33. Qxe4 Bxa1 34. Rxa1 Rae8 35. Qd4 Qxf5
36. Rc1 Re4 37. Qc3 Qe5 38. Qd3 Rxb4 0-1

[Event "PRO League Group Stage"]
[Site "chess.com INT"]
[Date "2018.01.25"]
[Round "2"]
[White "Abrahamyan, Tatev"]
[Black "Li, Di"]
[Result "1-0"]
[WhiteTitle "WGM"]
[BlackTitle "IM"]
[WhiteElo "2332"]
[BlackElo "2455"]
[WhiteTeam "San Diego Surfers"]
[BlackTeam "Chengdu Pandas"]
[WhiteFideId "13301918"]
[BlackFideId "8607508"]
[EventDate "2018.01.18"]

1. e4 e5 2. Nf3 d6 3. d4 exd4 4. Qxd4 Nf6 5. Nc3 Be7 6. Bf4 O-O 7. O-O-O Bg4 8.
Bc4 Nbd7 9. Kb1 a6 10. h3 Bxf3 11. gxf3 Nh5 12. Be3 Bf6 13. Qd2 g6 14. f4 Bg7
15. e5 Qh4 16. e6 Ndf6 17. exf7+ Kh8 18. Be6 Rad8 19. f5 gxf5 20. Bg5 Qb4 21. a3
Qc5 22. Rde1 d5 23. Rhg1 d4 24. Na4 Qe7 25. f3 b5 26. Ba2 Qd6 27. Re6 bxa4 28.
Rxd6 Rxd6 29. Bh6 Bxh6 30. Qxh6 Rdd8 31. Rg5 d3 32. cxd3 Rd6 33. Qxf8+ 1-0

[Event "PRO League Group Stage"]
[Site "chess.com INT"]
[Date "2018.01.25"]
[Round "2"]
[White "Bacrot, Etienne"]
[Black "Fontaine, Robert"]
[Result "1-0"]
[WhiteTitle "GM"]
[BlackTitle "GM"]
[WhiteElo "2722"]
[BlackElo "2563"]
[WhiteTeam "Marseille Migraines"]
[BlackTeam "Cannes Blockbusters"]
[WhiteFideId "605506"]
[BlackFideId "605590"]
[EventDate "2018.01.18"]

1. e4 c6 2. Nf3 d5 3. Nc3 Bg4 4. h3 Bxf3 5. Qxf3 e6 6. d4 Nf6 7. Bd3 dxe4 8.
Nxe4 Nbd7 9. c3 Nxe4 10. Qxe4 Nf6 11. Qf3 Qd5 12. Qxd5 exd5 13. O-O O-O-O 14.
Re1 Re8 15. Bf4 Kd8 16. g4 h6 17. Kg2 Rxe1 18. Rxe1 Ne8 19. h4 Be7 20. h5 Bf6
21. Kg3 Nc7 22. Bf5 Ne6 23. Bd2 Re8 24. f4 Nc7 25. Rg1 Re2 26. Bc1 Be7 27. Kf3
Rh2 28. Kg3 Re2 29. Bd3 Re6 30. g5 Bd6 31. Kf3 hxg5 32. fxg5 Re8 33. Kg4 Ne6 34.
Rf1 Ke7 35. Bf5 Nf8 36. g6 Kd8 37. gxf7 Re2 38. Bg6 Rg2+ 39. Kf5 Be7 40. a3 Kd7
41. b4 a6 42. Re1 Rf2+ 43. Kg4 Nxg6 44. hxg6 Rg2+ 45. Kf5 Rf2+ 46. Bf4 Bd6 47.
Re5 b5 48. Kg4 Rg2+ 49. Kh5 Rf2 50. Rf5 Bf8 51. Kg4 Rg2+ 52. Kh5 Rg1 53. Be3
Rh1+ 54. Kg4 Rh2 55. Bf4 Rg2+ 56. Bg3 Rg1 57. Rf3 Rh1 58. Re3 Rh6 59. Kg5 Be7+
60. Rxe7+ Kxe7 61. Bd6+ 1-0

[Event "PRO League Group Stage"]
[Site "chess.com INT"]
[Date "2018.01.25"]
[Round "2"]
[White "Bacrot, Etienne"]
[Black "Gunina, Valentina"]
[Result "1-0"]
[WhiteTitle "GM"]
[BlackTitle "GM"]
[WhiteElo "2722"]
[BlackElo "2502"]
[WhiteTeam "Marseille Migraines"]
[BlackTeam "Cannes Blockbusters"]
[WhiteFideId "605506"]
[BlackFideId "4167570"]
[EventDate "2018.01.18"]

1. e4 c6 2. Nf3 d5 3. Nc3 Bg4 4. h3 Bxf3 5. Qxf3 e6 6. Be2 Nf6 7. d3 Nbd7 8. O-O
Bc5 9. Rd1 Bd4 10. Qg3 O-O 11. Bh6 Ne8 12. Bg5 Qc7 13. Qxc7 Nxc7 14. Bf1 f5 15.
Ne2 Bf6 16. Be3 Rad8 17. c3 fxe4 18. dxe4 dxe4 19. c4 Nb6 20. Ng3 Bxb2 21. Rab1
Rxd1 22. Rxd1 e5 23. Nxe4 Ne6 24. Nd6 Rb8 25. c5 Nd5 26. Bc4 Bd4 27. Bxd4 exd4
28. Nf5 Kf7 29. Nxd4 Nxc5 30. Bxd5+ cxd5 31. f3 Rc8 32. Nb5 Ke6 33. Nxa7 Ra8 34.
Nb5 Rxa2 35. Nc7+ Kf7 36. Nxd5 b5 37. Rb1 Rd2 38. Nf4 Rd4 39. Ne2 Rd2 40. Ng3
Nd3 41. Rxb5 Ne1 42. Rb7+ Kg6 43. Rb6+ Kf7 44. Rb7+ Kg6 45. Rb6+ Kf7 46. Ne4 Ra2
47. Ng5+ Ke7 48. Re6+ 1-0

[Event "PRO League Group Stage"]
[Site "chess.com INT"]
[Date "2018.01.25"]
[Round "2"]
[White "Abdusattorov, Nodirbek"]
[Black "Onischuk, Alexander"]
[Result "1/2-1/2"]
[WhiteTitle "IM"]
[BlackTitle "GM"]
[WhiteElo "2516"]
[BlackElo "2681"]
[WhiteTeam "Volga Stormbringers"]
[BlackTeam "Estonia Horses"]
[WhiteFideId "14204118"]
[BlackFideId "14101025"]
[EventDate "2018.01.18"]

1. d4 Nf6 2. c4 e6 3. Nf3 b6 4. g3 Bb7 5. Bg2 Be7 6. O-O O-O 7. Nc3 Ne4 8. Nxe4
Bxe4 9. Re1 d6 10. d5 e5 11. b3 a5 12. Bb2 Bxf3 13. Bxf3 f5 14. e4 f4 15. Bg4
Nd7 16. a3 Qe8 17. b4 axb4 18. axb4 Rxa1 19. Bxa1 Kh8 20. Qa4 fxg3 21. fxg3 Nf6
22. Qxe8 Rxe8 23. Bf3 Ra8 24. Bc3 Ra3 25. Rc1 g5 26. g4 h5 27. h3 h4 28. Bg2 Ra2
29. c5 bxc5 30. bxc5 Nd7 31. c6 Nc5 32. Rb1 Ra8 33. Rb5 Kg7 34. Ba5 Bd8 35. Kf2
Kf6 36. Ke3 Nb3 37. Bxc7 Bxc7 38. Rxb3 Ke7 39. Bf1 Ra1 40. Kf2 Kd8 41. Rf3 Bb6+
42. Kg2 Ra2+ 43. Kh1 Rf2 44. Rf5 Ke7 45. Ba6 Ra2 46. Bf1 Rf2 47. Bb5 Rb2 48. Bc4
Rc2 49. Bd3 Rd2 50. Rf3 Rf2 51. c7 Kd7 52. Rf5 Kxc7 53. Bb5 Rb2 54. Rf7+ Kb8 55.
Bc6 Be3 56. Rf8+ Kc7 57. Rf7+ Kb8 58. Rf8+ Kc7 59. Rf7+ Kb8 60. Rf8+ Kc7 61.
Rf7+ 1/2-1/2

[Event "PRO League Group Stage"]
[Site "chess.com INT"]
[Date "2018.01.25"]
[Round "2"]
[White "Haldorsen, Benjamin"]
[Black "Grover, Sahaj"]
[Result "0-1"]
[WhiteTitle "FM"]
[BlackTitle "GM"]
[WhiteElo "2405"]
[BlackElo "2484"]
[WhiteTeam "Oslo Trolls"]
[BlackTeam "Delhi Dynamite"]
[WhiteFideId "1512633"]
[BlackFideId "5021103"]
[EventDate "2018.01.18"]

1. e4 e5 2. Nf3 Nc6 3. Nc3 Nf6 4. Bb5 Bb4 5. O-O O-O 6. d3 d6 7. Ne2 Ne7 8. c3
Ba5 9. Ng3 c6 10. Ba4 Ng6 11. h3 d5 12. exd5 cxd5 13. Re1 Bc7 14. Be3 Qd6 15. c4
d4 16. Bg5 h6 17. Bxf6 Qxf6 18. b4 Nf4 19. Qd2 Nxh3+ 20. gxh3 Qxf3 21. Kh2 Qf6
22. Rg1 Qh4 23. Kg2 Bxh3+ 0-1

[Event "PRO League Group Stage"]
[Site "chess.com INT"]
[Date "2018.01.25"]
[Round "2"]
[White "Haldorsen, Benjamin"]
[Black "Vaibhav, Suri"]
[Result "1-0"]
[WhiteTitle "FM"]
[BlackTitle "GM"]
[WhiteElo "2405"]
[BlackElo "2542"]
[WhiteTeam "Oslo Trolls"]
[BlackTeam "Delhi Dynamite"]
[WhiteFideId "1512633"]
[BlackFideId "5045185"]
[EventDate "2018.01.18"]

1. e4 e5 2. Nf3 Nc6 3. Nc3 Nf6 4. Bb5 Bd6 5. a3 O-O 6. d3 Nd4 7. Bc4 c6 8. Ba2
Nxf3+ 9. Qxf3 Be7 10. O-O d6 11. Bg5 Be6 12. Bxe6 fxe6 13. Qh3 Qd7 14. f4 exf4
15. Rxf4 Rf7 16. Rf3 Raf8 17. Raf1 Bd8 18. d4 Bb6 19. Bxf6 Rxf6 20. Rxf6 Rxf6
21. Rxf6 gxf6 22. Ne2 d5 23. c3 Bc7 24. Qg4+ Kh8 25. Nf4 Bxf4 26. Qxf4 Kg7 27.
Qg4+ Kh8 28. Qf4 Qd8 29. e5 f5 30. Qh6 Qe7 31. Kf2 Kg8 32. Kf3 Qf7 33. Kf4 a6
34. a4 Kh8 35. a5 Kg8 36. h3 Qe7 37. Qf6 Qf7 38. g4 fxg4 39. hxg4 Qf8 40. Qxf8+
Kxf8 41. Kg5 Kg7 42. Kh5 1-0

[Event "PRO League Group Stage"]
[Site "chess.com INT"]
[Date "2018.01.25"]
[Round "2"]
[White "Fedoseev, Vladimir3"]
[Black "Robson, Ray"]
[Result "1/2-1/2"]
[WhiteTitle "GM"]
[BlackTitle "GM"]
[WhiteElo "2724"]
[BlackElo "2645"]
[WhiteTeam "Saint Louis Arch Bishops"]
[BlackTeam "Webster Windmills"]
[WhiteFideId "24130737"]
[BlackFideId "2023970"]
[EventDate "2018.01.18"]

1. e4 c5 2. Nf3 d6 3. d4 cxd4 4. Nxd4 Nf6 5. Nc3 a6 6. Be3 e5 7. Nb3 Be6 8. f3
Nbd7 9. Qd2 b5 10. g4 b4 11. Ne2 h6 12. Ng3 d5 13. Bd3 Qc7 14. Qe2 dxe4 15. Nxe4
Nd5 16. Bd2 a5 17. c4 bxc3 18. Nxc3 Nxc3 19. Bxc3 Bb4 20. Bxb4 axb4 21. Qe4 Rb8
22. O-O Nf6 23. Qe3 O-O 24. Rac1 Qb6 25. Qxb6 Rxb6 26. Rfe1 Ra8 27. Rxe5 Rxa2
28. Nc5 Rc6 29. Rce1 Rxb2 30. Nxe6 Rxe6 31. Rxe6 fxe6 32. Rxe6 Kf8 33. Bg6 Rd2
34. h4 Rd8 35. Kf2 Rb8 36. Ke3 b3 37. Kd4 b2 38. Re1 Nd7 39. f4 Nf6 40. g5 Ng8
41. Kc3 Ne7 42. Be4 hxg5 43. fxg5 g6 44. Rb1 Kf7 45. Rxb2 Rxb2 46. Kxb2 Ke6 47.
Kc3 Nf5 48. Kd3 Nxh4 49. Bxg6 Nxg6 50. Ke4 Ne5 51. g6 Nxg6 1/2-1/2

[Event "PRO League Group Stage"]
[Site "chess.com INT"]
[Date "2018.01.25"]
[Round "2"]
[White "Fedoseev, Vladimir3"]
[Black "Shimanov, Aleksandr"]
[Result "1/2-1/2"]
[WhiteTitle "GM"]
[BlackTitle "GM"]
[WhiteElo "2724"]
[BlackElo "2641"]
[WhiteTeam "Saint Louis Arch Bishops"]
[BlackTeam "Webster Windmills"]
[WhiteFideId "24130737"]
[BlackFideId "4198603"]
[EventDate "2018.01.18"]

1. e4 c6 2. d4 d5 3. exd5 cxd5 4. Bd3 Nc6 5. c3 Nf6 6. h3 g6 7. Qc2 e5 8. dxe5
Nxe5 9. Bb5+ Bd7 10. Bxd7+ Qxd7 11. Ne2 Bg7 12. Bf4 Nc6 13. O-O O-O 14. Qd3 Rad8
15. Rd1 Rfe8 16. Na3 a6 17. Nc2 Ne4 18. Re1 Nc5 19. Qd1 Ne6 20. Be3 d4 21. cxd4
Nexd4 1/2-1/2

[Event "PRO League Group Stage"]
[Site "chess.com INT"]
[Date "2018.01.25"]
[Round "2"]
[White "Alekseenko, Kirill"]
[Black "Skoberne, Jure"]
[Result "1-0"]
[WhiteTitle "GM"]
[BlackTitle "GM"]
[WhiteElo "2594"]
[BlackElo "2553"]
[WhiteTeam "Stockholm Snowballs"]
[BlackTeam "Ljubljana Turtles"]
[WhiteFideId "4135539"]
[BlackFideId "14604299"]
[EventDate "2018.01.18"]

1. e4 e6 2. d4 d5 3. Nd2 h6 4. Ngf3 Nf6 5. Bd3 c5 6. exd5 exd5 7. dxc5 Bxc5 8.
O-O O-O 9. Nb3 Bb6 10. h3 Nc6 11. c3 Ne4 12. Nbd4 Qf6 13. Be3 Bd7 14. Re1 Rad8
15. Qc2 Rfe8 16. Nxc6 bxc6 17. Bxb6 axb6 18. Bxe4 dxe4 19. Rxe4 Bxh3 20. Rae1
Rxe4 21. Qxe4 Bf5 22. Qf4 c5 23. Re5 Be6 24. Qa4 g5 25. Re1 Kg7 26. Qc2 Qf4 27.
Re3 Qd6 28. a3 Qd1+ 29. Qxd1 Rxd1+ 30. Re1 Rd3 31. Re3 Rd1+ 32. Re1 Rd6 33. b4
g4 34. Nh4 Rd2 35. bxc5 bxc5 36. Ra1 Kf6 37. a4 Rd6 38. a5 Ra6 39. g3 Bd5 40.
Ng2 Bxg2 41. Kxg2 Ke5 42. Ra4 f5 43. Kf1 Kd5 44. Ke2 c4 45. Ke3 Kc5 46. Ra2 Kb5
47. Kd4 h5 48. Rb2+ Kxa5 49. Kc5 Ka4 50. Ra2+ Kb3 51. Rxa6 Kxc3 52. Ra4 Kd3 53.
Rxc4 1-0

[Event "PRO League Group Stage"]
[Site "chess.com INT"]
[Date "2018.01.25"]
[Round "2"]
[White "Alekseenko, Kirill"]
[Black "Skuhala, Luka"]
[Result "1-0"]
[WhiteTitle "GM"]
[WhiteElo "2594"]
[BlackElo "2059"]
[WhiteTeam "Stockholm Snowballs"]
[BlackTeam "Ljubljana Turtles"]
[WhiteFideId "4135539"]
[BlackFideId "14605678"]
[EventDate "2018.01.18"]

1. e4 c5 2. Nf3 d6 3. d4 cxd4 4. Nxd4 Nf6 5. Nc3 a6 6. Be2 e5 7. Nb3 Be7 8. O-O
O-O 9. Kh1 Be6 10. f4 exf4 11. Bxf4 Nc6 12. Qe1 Ne5 13. Rd1 Nfd7 14. Nd4 Rc8 15.
Qg3 Bh4 16. Qe3 Re8 17. a4 Bf6 18. Qc1 Qb6 19. Be3 Qc7 20. Bf4 Qb6 21. Bg3 g6
22. Bf2 Qc7 23. Qf4 Bg7 24. Be3 Nc5 25. Qh4 Qd8 26. Qg3 Qb6 27. Bc1 Qa5 28. Nf5
Bxf5 29. exf5 Nxa4 30. Nd5 Nb6 31. b4 Qxd5 32. Rxd5 Nxd5 33. Bf3 Nxf3 34. Qxf3
Nxb4 35. fxg6 fxg6 36. Qb3+ Kh8 37. Qxb4 Rxc2 38. Qxd6 Rf2 39. Kg1 Rxf1+ 40.
Kxf1 Rf8+ 41. Ke2 Re8+ 42. Kd1 Rf8 43. Be3 Kg8 44. g4 Bf6 45. Ke2 Rf7 46. Qe6 g5
47. Qd5 h6 48. h4 gxh4 49. Bxh6 h3 50. g5 Bg7 51. g6 1-0

[Event "PRO League Group Stage"]
[Site "chess.com INT"]
[Date "2018.01.25"]
[Round "2"]
[White "Clarke, Brandon G I"]
[Black "Mamedov, Rauf"]
[Result "1/2-1/2"]
[WhiteTitle "FM"]
[BlackTitle "GM"]
[WhiteElo "2360"]
[BlackElo "2709"]
[WhiteTeam "Australia Kangaroos"]
[BlackTeam "San Jose Hackers"]
[WhiteFideId "400319"]
[BlackFideId "13401653"]
[EventDate "2018.01.18"]

1. e4 c5 2. Nf3 Nc6 3. d4 cxd4 4. Nxd4 Nf6 5. Nc3 e5 6. Ndb5 d6 7. Bg5 a6 8. Na3
Be6 9. Nc4 Rb8 10. a4 Nd4 11. Nd5 Bxd5 12. exd5 h6 13. Bxf6 Qxf6 14. c3 Nf5 15.
a5 g6 16. Qa4+ Ke7 17. Nb6 Qh4 18. Qxh4+ Nxh4 19. Ra4 Nf5 20. Bd3 Ng7 21. f4 f5
22. fxe5 dxe5 23. c4 e4 24. Be2 Ne8 25. c5 Bg7 26. b4 Bd4 27. d6+ Nxd6 28. cxd6+
Kxd6 29. b5 Bxb6 30. axb6 axb5 31. Bxb5 Kc5 32. Bc4 Ra8 33. Bb3 Rxa4 34. Bxa4
Ra8 35. Bd1 Kxb6 36. Rf1 h5 37. Rf2 Kc5 38. Rc2+ Kd6 39. Rb2 Kc6 40. Be2 h4 41.
Kf2 Ra3 42. Bb5+ Kd6 43. Be8 g5 44. Bg6 Ke5 45. Rb5+ Kd4 46. Bxf5 Ra2+ 47. Kf1
Ra1+ 48. Ke2 Ra2+ 49. Kf1 Ra1+ 50. Ke2 Ra2+ 51. Kf1 Ra1+ 52. Ke2 Ra2+ 53. Kf1
Ra1+ 1/2-1/2

[Event "PRO League Group Stage"]
[Site "chess.com INT"]
[Date "2018.01.25"]
[Round "2"]
[White "Clarke, Brandon G I"]
[Black "Virtanen, Teemu"]
[Result "1-0"]
[WhiteTitle "FM"]
[BlackTitle "FM"]
[WhiteElo "2360"]
[BlackElo "2301"]
[WhiteTeam "Australia Kangaroos"]
[BlackTeam "San Jose Hackers"]
[WhiteFideId "400319"]
[BlackFideId "509850"]
[EventDate "2018.01.18"]

1. e4 e5 2. Nf3 Nc6 3. Bb5 g6 4. O-O Bg7 5. c3 a6 6. Ba4 d6 7. h3 Nf6 8. Re1 O-O
9. d4 Bd7 10. Nbd2 Nh5 11. Bb3 exd4 12. cxd4 Nxd4 13. Nxd4 Bxd4 14. Nf3 Bf6 15.
Bh6 Ng7 16. e5 dxe5 17. Nxe5 Bf5 18. Qf3 c6 19. Rad1 Qc8 20. Nd7 Bxb2 21. Nxf8
Qxf8 22. g4 Be6 23. Bxe6 fxe6 24. Qb3 Qa3 25. Qxa3 Bxa3 26. Rd7 Bf8 27. Rxb7 Rc8
28. Rd1 c5 29. Rdd7 Ne8 30. Bxf8 Kxf8 31. Rxh7 Kg8 32. Rhe7 c4 33. Rxe6 c3 34.
Rxg6+ Kf8 35. Rb1 c2 36. Rc1 a5 37. Re6 1-0

[Event "PRO League Group Stage"]
[Site "chess.com INT"]
[Date "2018.01.25"]
[Round "2"]
[White "Mihajlov, Sebastian"]
[Black "Salem, A.R. Saleh"]
[Result "0-1"]
[WhiteTitle "IM"]
[BlackTitle "GM"]
[WhiteElo "2371"]
[BlackElo "2642"]
[WhiteTeam "Oslo Trolls"]
[BlackTeam "Delhi Dynamite"]
[WhiteFideId "1512110"]
[BlackFideId "9301348"]
[EventDate "2018.01.18"]

1. d4 Nf6 2. Nf3 g6 3. c4 Bg7 4. Nc3 d5 5. Qb3 dxc4 6. Qxc4 O-O 7. e4 a6 8. e5
b5 9. Qb3 Nfd7 10. Ng5 Nb6 11. Be3 Nc6 12. Rd1 Bf5 13. Be2 Na5 14. Qb4 Nbc4 15.
b3 c5 16. Qxc5 Rc8 17. bxc4 Rxc5 18. dxc5 Qe8 19. cxb5 Bxe5 20. Nd5 axb5 21. Nf3
Bg7 22. Nc7 Qc6 23. Nxb5 Rb8 24. O-O h6 25. Nfd4 Qxc5 26. Ne6 Qb4 27. Nxg7 Kxg7
28. Bd4+ f6 29. Bc3 Qa4 30. Nd4 Bd7 31. f4 Nc4 32. Bxc4 Qxc4 33. Rfe1 e5 34. Ne2
Bg4 35. fxe5 Bxe2 36. exf6+ Kf8 37. Rc1 Qd3 38. a3 Kf7 39. Kh1 Rb7 40. Bb4 g5
41. Rc3 Qd4 42. Rc8 Qf2 43. Rcc1 Bd3 44. h3 h5 45. Rcd1 Bb5 46. Rd5 Bc6 47. Rxg5
Rxb4 0-1

[Event "PRO League Group Stage"]
[Site "chess.com INT"]
[Date "2018.01.25"]
[Round "2"]
[White "Mihajlov, Sebastian"]
[Black "Aradhya, Garg"]
[Result "1-0"]
[WhiteTitle "IM"]
[WhiteElo "2371"]
[BlackElo "2289"]
[WhiteTeam "Oslo Trolls"]
[BlackTeam "Delhi Dynamite"]
[WhiteFideId "1512110"]
[BlackFideId "25006746"]
[EventDate "2018.01.18"]

1. d4 Nf6 2. Nf3 d5 3. e3 c5 4. Bd3 Nc6 5. O-O Bg4 6. Be2 Qb6 7. c3 Bxf3 8. Bxf3
O-O-O 9. a4 e5 10. a5 Qc7 11. Qa4 cxd4 12. exd4 exd4 13. cxd4 a6 14. Bg5 Be7 15.
Nc3 Ne4 16. Bxe4 dxe4 17. Be3 Qd7 18. d5 Nb4 19. Qb3 Kb8 20. Ra4 Nd3 21. Qb6 Bb4
22. Rxb4 Nxb4 23. Qxb4 b5 24. axb6 f5 25. Bf4+ Kb7 26. Bc7 Ra8 27. Na4 Qxd5 28.
Nc5+ Kc6 29. Qa4+ Kxc5 30. Rc1+ Qc4 31. Qxc4# 1-0

[Event "PRO League Group Stage"]
[Site "chess.com INT"]
[Date "2018.01.25"]
[Round "2"]
[White "Hevia Alejano, Carlos Antonio"]
[Black "Breckenridge, Steven"]
[Result "1-0"]
[WhiteTitle "GM"]
[BlackTitle "FM"]
[WhiteElo "2488"]
[BlackElo "2312"]
[WhiteTeam "Rio Grande Ospreys"]
[BlackTeam "Dallas Destiny"]
[WhiteFideId "3508811"]
[BlackFideId "2043700"]
[EventDate "2018.01.18"]

1. c4 e5 2. Nc3 Nf6 3. g3 d5 4. cxd5 Nxd5 5. Bg2 Nb6 6. d3 Be7 7. Be3 O-O 8. Rc1
Nc6 9. Bxc6 bxc6 10. Nf3 Bh3 11. Nxe5 Bf6 12. Nxc6 Qd7 13. Ne4 Bxb2 14. Rc2 f5
15. Ng5 Bg2 16. Rg1 Bxc6 17. Rxb2 h6 18. Nf3 Bxf3 19. exf3 Nd5 20. Kf1 Rab8 21.
Rxb8 Rxb8 22. Bxa7 Ra8 23. Qb3 Kh7 24. Bd4 Qf7 25. Kg2 Rxa2 26. Rb1 Ra5 27. Qc4
Qd7 28. Re1 Ra4 29. Qc5 f4 30. Be5 Ne3+ 31. Rxe3 fxe3 32. Qxe3 c5 33. Qxc5 Qxd3
34. Bxg7 Ra3 35. Qf8 Ra7 36. Qh8+ Kg6 37. Qxh6+ Kf7 38. Qf6+ Kg8 39. Qf8+ Kh7
40. Qh8+ Kg6 41. Bd4 Ra3 1-0

[Event "PRO League Group Stage"]
[Site "chess.com INT"]
[Date "2018.01.25"]
[Round "2"]
[White "Hevia Alejano, Carlos Antonio"]
[Black "Sadorra, Julio Catalino"]
[Result "0-1"]
[WhiteTitle "GM"]
[BlackTitle "GM"]
[WhiteElo "2488"]
[BlackElo "2539"]
[WhiteTeam "Rio Grande Ospreys"]
[BlackTeam "Dallas Destiny"]
[WhiteFideId "3508811"]
[BlackFideId "5201268"]
[EventDate "2018.01.18"]

1. e4 Nf6 2. e5 Nd5 3. d4 d6 4. c4 Nb6 5. exd6 exd6 6. Nc3 Be7 7. Bd3 O-O 8.
Nge2 Na6 9. O-O c6 10. b3 Nb4 11. Bb1 d5 12. c5 Nd7 13. Ng3 g6 14. Bh6 Re8 15.
f4 Bf6 16. a3 Na6 17. b4 Nc7 18. Ra2 a5 19. Raf2 axb4 20. axb4 Ra3 21. Rf3 Nxc5
22. bxc5 Bg4 23. Nge2 Bxf3 24. Rxf3 Qe7 25. f5 g5 26. Kf2 Nb5 27. Rd3 Nxc3 28.
Nxc3 Bxd4+ 29. Rxd4 Qe3+ 30. Kf1 Rxc3 31. Bxg5 Qe5 32. Rg4 Kh8 33. Bf4 Qf6 34.
Bg5 Qe5 35. Bf4 Qf6 36. Bd2 Rxc5 37. Bg5 Qb2 38. Bh6 Rg8 39. Rxg8+ Kxg8 40. Bd3
Ra5 41. Qg4+ Kh8 42. Be2 Qf6 43. Be3 c5 44. Bg5 Qe5 45. f6 Ra1+ 46. Kf2 Ra8 47.
h4 Re8 48. Qf3 c4 49. Bh6 Qd4+ 50. Kg3 Qe5+ 51. Kf2 b5 52. Bg7+ Kg8 53. Bh6 Qd4+
54. Kf1 Qxh4 55. Be3 d4 56. Bxd4 b4 57. Bxc4 Re1# 0-1

[Event "PRO League Group Stage"]
[Site "chess.com INT"]
[Date "2018.01.25"]
[Round "2"]
[White "Yu, Yangyi"]
[Black "Bryant, John Daniel"]
[Result "1-0"]
[WhiteTitle "GM"]
[BlackTitle "IM"]
[WhiteElo "2760"]
[BlackElo "2437"]
[WhiteTeam "Chengdu Pandas"]
[BlackTeam "San Diego Surfers"]
[WhiteFideId "8603820"]
[BlackFideId "2031280"]
[EventDate "2018.01.18"]

1. d4 Nf6 2. Nf3 e6 3. c4 c5 4. Nc3 cxd4 5. Nxd4 Nc6 6. a3 Qb6 7. Nf3 Be7 8. e4
O-O 9. Be2 d6 10. O-O Qc7 11. Be3 Bd7 12. Rc1 Rac8 13. Nd4 Rfd8 14. f4 Qb8 15.
Kh1 a6 16. a4 Qa8 17. b3 Nxd4 18. Bxd4 b5 19. axb5 axb5 20. Ra1 Qb7 21. Bf3 bxc4
22. e5 Nd5 23. Bxd5 exd5 24. Ra7 Qb8 25. Nxd5 Bf8 26. exd6 Qxd6 27. bxc4 Be6 28.
Bb6 Re8 29. Bg1 Rxc4 30. Ne3 Qxd1 31. Nxd1 Rc1 32. Ne3 Rxf1 33. Nxf1 g6 34. Bd4
Rd8 35. Bf6 Rd1 36. Ra1 Rxa1 37. Bxa1 Bd6 38. Be5 Bxe5 39. fxe5 Kf8 40. Kg1 Ke7
41. Ne3 Bd7 42. Kf2 Ke6 43. Nc4 Bb5 44. Nd6 Bc6 45. g3 Bd5 46. Ke3 Kxe5 47. Nb5
g5 48. Nc3 f5 49. Ne2 h5 50. h4 gxh4 51. gxh4 Bf7 52. Nf4 Be8 53. Nd3+ Kf6 54.
Kf4 Bf7 55. Ne5 Be8 56. Nf3 Bf7 57. Nd4 Bg6 58. Nc6 Bh7 59. Nb4 Bg6 60. Nd5+ Ke6
61. Ne3 Kf6 62. Nd5+ Ke6 63. Nc7+ Kf6 64. Nb5 Bh7 65. Nd6 Bg6 66. Nc4 Bh7 67.
Ne3 Ke6 68. Kg5 Ke5 69. Ng2 Ke4 70. Nf4 Bg8 71. Nxh5 Bf7 72. Ng3+ Ke5 73. Nxf5
Ke6 74. Nh6 Be8 75. Nf5 Kf7 76. Nd6+ Kf8 77. Kf6 Bh5 78. Ne4 Kg8 79. Kg5 Bf7 80.
Kh6 Be8 81. Nf6+ Kf7 82. Nxe8 1-0

[Event "PRO League Group Stage"]
[Site "chess.com INT"]
[Date "2018.01.25"]
[Round "2"]
[White "Yu, Yangyi"]
[Black "Sevian, Samuel"]
[Result "1-0"]
[WhiteTitle "GM"]
[BlackTitle "GM"]
[WhiteElo "2760"]
[BlackElo "2614"]
[WhiteTeam "Chengdu Pandas"]
[BlackTeam "San Diego Surfers"]
[WhiteFideId "8603820"]
[BlackFideId "2040506"]
[EventDate "2018.01.18"]

1. e4 e5 2. Nf3 Nc6 3. Bb5 a6 4. Ba4 Nf6 5. O-O Be7 6. d3 b5 7. Bb3 d6 8. a4 Bd7
9. c3 Na5 10. Bc2 c5 11. Nbd2 O-O 12. Re1 Re8 13. Nf1 h6 14. h3 Bf8 15. Ng3 Nc6
16. d4 exd4 17. cxd4 cxd4 18. Nxd4 Nxd4 19. Qxd4 Qc7 20. Bb3 d5 21. axb5 Bc5 22.
Qc3 Qb6 23. Qf3 Bxb5 24. e5 Nd7 25. Bxd5 Nxe5 26. Rxe5 Rxe5 27. Bxf7+ Kh7 28.
Qxa8 Bxf2+ 29. Kh2 Be8 30. Bf4 1-0

[Event "PRO League Group Stage"]
[Site "chess.com INT"]
[Date "2018.01.25"]
[Round "2"]
[White "Gorovets, Andrey"]
[Black "Hevia Alejano, Carlos Antonio"]
[Result "1-0"]
[WhiteTitle "GM"]
[BlackTitle "GM"]
[WhiteElo "2517"]
[BlackElo "2488"]
[WhiteTeam "Dallas Destiny"]
[BlackTeam "Rio Grande Ospreys"]
[WhiteFideId "13504037"]
[BlackFideId "3508811"]
[EventDate "2018.01.18"]

1. d4 e6 2. c4 Nf6 3. Nc3 Bb4 4. g3 O-O 5. Bg2 d5 6. a3 Bxc3+ 7. bxc3 b6 8. Nf3
Ba6 9. Ne5 Nbd7 10. Qa4 Bb7 11. Bg5 Nxe5 12. dxe5 Qd7 13. Qd1 Ng4 14. Qd4 Nxe5
15. Qxe5 f6 16. Bxf6 Rxf6 17. O-O Rd8 18. Rad1 Qd6 19. Qxd6 Rxd6 20. cxd5 Bxd5
21. e4 Bb3 22. Rb1 Bc4 23. e5 Bxf1 24. Bxf1 Rc6 25. exf6 gxf6 26. c4 Rd6 27. c5
Rd4 28. cxb6 cxb6 29. Bb5 Kg7 30. Rc1 Kg6 31. Rc7 1-0